| 000 | 00392nam a2200145 i 4500 | ||
|---|---|---|---|
| 020 | _a0521204224 | ||
| 040 | _cDLC | ||
| 082 | 0 | 0 | _a633 CAM 1975 A052 Or. |
| 245 | 0 | 0 |
_aCrop physiology : _bsome case histories / |
| 260 |
_aLondon ; _aNew York : _bCambridge University Press, _c1975. |
||
| 300 |
_avii, 374 p. : _bill. ; _c24 cm. |
||
| 650 | 0 | _aField crops | |
| 700 | 1 | _aEvans, L. T. | |
| 942 | _cEK | ||
| 999 |
_c14585 _d14585 |
||